[Event "Las Vegas 1000 GM op"]
[Site "Las Vegas"]
[Date "2023.06.12"]
[Round "8"]
[White "Angeles Mercado, Anthony R"]
[Black "Wang, Jeffery"]
[Result "1-0"]
[WhiteElo "2114"]
[BlackElo "2165"]
[PlyCount "127"]
[EventDate "2023.06.08"]
[EventType "swiss"]
[EventRounds "9"]
[EventCountry "USA"]
[SourceTitle "CBM 214 Extra"]
[Source "ChessBase"]
[SourceDate "2023.07.31"]
[SourceVersion "1"]
[SourceVersionDate "2023.07.31"]
[SourceQuality "1"]

1. e4 e5 2. Nf3 Nc6 3. Bc4 Bc5 4. 0-0 Nf6 5. d3 0-0 6. Re1 d6 7. c3 a5 8. h3 h6 9. Nbd2 Be6 10. Bb5 Ba7 11. Nf1 Ne7 12. d4 c6 13. Bd3 Ng6 14. Ng3 Re8 15. Be3 Qc7 16. Qc2 Bd7 17. Rad1 b5 18. a4 Rab8 19. b3 c5 20. dxe5 Nxe5 21. Nxe5 dxe5 22. axb5 Bxb5 23. Bxb5 Rxb5 24. c4 Rb7 25. Ra1 Nd7 26. Bd2 Bb6 27. Nf5 Nf8 28. Ne3 Ne6 29. Nd5 Qb8 30. Bc3 Bd8 31. Rab1 Be7 32. Qa2 Bd8 33. Qa4 Rf8 34. Qc6 Rxb3 35. Bxe5 Qxe5 36. Rxb3 Nd4 37. Qa4 Nxb3 38. Qxb3 Bg5 39. g3 Bd2 40. Re2 Bb4 41. Qa2 Ra8 42. f4 Qd4+ 43. Kg2 a4 44. e5 a3 45. f5 Qd3 46. e6 fxe6 47. fxe6 Qxe2+ 48. Qxe2 a2 49. e7 a1Q 50. e8Q+ Rxe8 51. Qxe8+ Kh7 52. Qe4+ Kh8 53. Qe8+ Kh7 54. Qe4+ Kh8 55. Ne7 Qb2+ 56. Kf3 Qf6+ 57. Ke2 Qb2+ 58. Kf1 Qa1+ 59. Kf2 Qb2+ 60. Qe2 Qd4+ 61. Kg2 Qd6 62. h4 Bc3 63. Qe4 Bf6 64. Qa8+ 1-0

[Event "Las Vegas 1000 GM op"]
[Site "Las Vegas"]
[Date "2023.06.11"]
[Round "7"]
[White "Rajaram, Rohan"]
[Black "Angeles Mercado, Anthony R"]
[Result "1/2-1/2"]
[WhiteElo "2138"]
[BlackElo "2114"]
[PlyCount "171"]
[EventDate "2023.06.08"]
[EventType "swiss"]
[EventRounds "9"]
[EventCountry "USA"]
[SourceTitle "CBM 214 Extra"]
[Source "ChessBase"]
[SourceDate "2023.07.31"]
[SourceVersion "1"]
[SourceVersionDate "2023.07.31"]
[SourceQuality "1"]

1. d4 Nf6 2. c4 g6 3. g3 Bg7 4. Bg2 0-0 5. Nc3 d6 6. Nf3 Nc6 7. 0-0 a6 8. b3 Rb8 9. d5 Na5 10. Bg5 h6 11. Be3 c5 12. dxc6 Nxc6 13. Rc1 Qa5 14. h3 Bd7 15. Qd2 Kh7 16. Rfd1 Rfc8 17. g4 Be8 18. Bf4 Ra8 19. e4 Nd7 20. Nd5 Qxd2 21. Rxd2 a5 22. Re2 a4 23. b4 a3 24. b5 Na5 25. Nd2 Bf8 26. Be3 e6 27. Nb6 Nxb6 28. Bxb6 Bxb5 29. Bxa5 Rxa5 30. Re3 Ba6 31. Rcc3 Ra4 32. Bf1 Kg7 33. Rxa3 Rxa3 34. Rxa3 g5 35. Rf3 Rc5 36. Nb3 Re5 37. Re3 Kf6 38. Kg2 Be7 39. Nd4 Ra5 40. a3 Ra4 41. Nb5 Kg7 42. Kf3 Kf8 43. Rc3 Bf6 44. Rb3 Be5 45. Ke3 Bf4+ 46. Kd3 Ke7 47. f3 Kd7 48. Kc3 Be5+ 49. Kc2 Kc6 50. Rb4 Ra5 51. a4 Kc5 52. Kb3 Bg3 53. Nc7 Kd4 54. Nxa6 bxa6 55. Rb7 f6 56. Rh7 Ke3 57. Rxh6 Be5 58. h4 gxh4 59. Rxh4 Kxf3 60. Bd3 Rc5 61. Rh7 Ke3 62. Rh3+ Kd4 63. Kc2 Rc7 64. Rh1 Rg7 65. Rd1 Ke3 66. c5 dxc5 67. Bxa6 Kxe4 68. Bc8 Rxg4 69. Bxe6 Rg3 70. Bd5+ Kf4 71. Rd3 Rg1 72. Rd1 Rg3 73. Rd3 Rg1 74. Rd1 Rg7 75. Rf1+ Ke3 76. Rf3+ Ke2 77. a5 c4 78. a6 c3 79. Rxc3 Bxc3 80. Kxc3 Ra7 81. Bb7 f5 82. Kc4 f4 83. Kb5 f3 84. Bxf3+ Kxf3 85. Kb6 Rxa6+ 86. Kxa6 1/2-1/2

[Event "Santiago de Surco Cup Santa Maria 1st"]
[Site "Santiago de Surco"]
[Date "2016.12.08"]
[Round "6.5"]
[White "Gomez Huaraya, Jesus Miguel"]
[Black "Angeles Mercado, Anthony R"]
[Result "0-1"]
[WhiteElo "1844"]
[BlackElo "2027"]
[PlyCount "30"]
[EventDate "2016.11.26"]
[EventType "swiss"]
[EventRounds "7"]
[EventCountry "PER"]
[SourceTitle "EXT 2024"]
[Source "ChessBase"]
[SourceDate "2023.10.10"]
[SourceVersion "1"]
[SourceVersionDate "2023.10.10"]
[SourceQuality "1"]

1. d4 Nf6 2. c4 g6 3. Nc3 Bg7 4. e4 d6 5. f3 0-0 6. Be3 c5 7. d5 e6 8. Qd2 exd5 9. cxd5 a6 10. Nge2 Nbd7 11. Nc1 Ne5 12. Be2 b5 13. a4 Bd7 14. 0-0 Qa5 15. h3 Rfe8 0-1

[Event "Lima Palma Memorial 2nd"]
[Site "Lima"]
[Date "2016.09.11"]
[Round "2.2"]
[White "Angeles Mercado, Anthony R"]
[Black "Ramos Castro, Aldair"]
[Result "1-0"]
[WhiteElo "1974"]
[BlackElo "1761"]
[PlyCount "73"]
[EventDate "2016.09.09"]
[EventType "swiss"]
[EventRounds "7"]
[EventCountry "PER"]
[SourceTitle "EXT 2024"]
[Source "ChessBase"]
[SourceDate "2023.10.10"]
[SourceVersion "1"]
[SourceVersionDate "2023.10.10"]
[SourceQuality "1"]

1. Nf3 Nf6 2. c4 b6 3. g3 Bb7 4. Bg2 e6 5. 0-0 c5 6. Nc3 Be7 7. b3 a6 8. Bb2 Qc7 9. Rc1 h5 10. e3 Nc6 11. d4 cxd4 12. exd4 Nd8 13. Qe2 Ng4 14. d5 d6 15. h3 Nf6 16. Nd4 e5 17. Nf5 Bc8 18. Nxe7 Qxe7 19. Rce1 Nd7 20. f4 f6 21. Ne4 Nf7 22. b4 Rb8 23. Bf3 g6 24. Bg2 Kd8 25. c5 bxc5 26. bxc5 dxc5 27. Nxf6 Qxf6 28. fxe5 Rxb2 29. Qxb2 Qg7 30. Qc3 Nfxe5 31. d6 Nf3+ 32. Qxf3 Rf8 33. Qc6 Rxf1+ 34. Rxf1 Ne5 35. Qb6+ Ke8 36. Qxc5 Bd7 37. Re1 1-0

[Event "Lima Santisimo Nombre de Jesus 3"]
[Site "Lima"]
[Date "2013.07.04"]
[Round "4"]
[White "Angeles Mercado, Anthony R"]
[Black "Cruz Pereyra, Andresantoni"]
[Result "1-0"]
[WhiteElo "1950"]
[BlackElo "1983"]
[PlyCount "51"]
[EventDate "2013.06.28"]
[EventType "swiss"]
[EventRounds "8"]
[EventCountry "PER"]
[SourceTitle "EXT 2024"]
[Source "ChessBase"]
[SourceDate "2023.10.10"]
[SourceVersion "1"]
[SourceVersionDate "2023.10.10"]
[SourceQuality "1"]

1. e4 Nc6 2. Nf3 d5 3. exd5 Qxd5 4. Nc3 Qa5 5. Bb5 Bd7 6. 0-0 a6 7. Bxc6 Bxc6 8. d4 0-0-0 9. Ne5 Be8 10. Qf3 f6 11. d5 e6 12. Nc4 Qc5 13. b3 Bd7 14. Rd1 exd5 15. Rxd5 Qe7 16. Be3 Qe6 17. Rad1 Bb4 18. Na4 Ne7 19. Nab6+ cxb6 20. Nxb6+ Kb8 21. Nxd7+ Kc8 22. Nb6+ Qxb6 23. Bxb6 Rxd5 24. Rxd5 Nxd5 25. Qxd5 Re8 26. Qc4+ 1-0

[Event "Lima Santisimo Nombre de Jesus 3"]
[Site "Lima"]
[Date "2013.07.04"]
[Round "3"]
[White "Landa Medrano, Gabriel Aaron"]
[Black "Angeles Mercado, Anthony R"]
[Result "0-1"]
[WhiteElo "1695"]
[BlackElo "1950"]
[PlyCount "114"]
[EventDate "2013.06.28"]
[EventType "swiss"]
[EventRounds "8"]
[EventCountry "PER"]
[SourceTitle "EXT 2024"]
[Source "ChessBase"]
[SourceDate "2023.10.10"]
[SourceVersion "1"]
[SourceVersionDate "2023.10.10"]
[SourceQuality "1"]

1. e4 c5 2. Nf3 Nc6 3. d4 cxd4 4. Nxd4 e6 5. Be3 Nf6 6. Nd2 d6 7. Be2 Be7 8. 0-0 a6 9. a4 0-0 10. Kh1 Qc7 11. f3 Nxd4 12. Bxd4 e5 13. Be3 d5 14. exd5 Nxd5 15. Bf2 Bf5 16. c3 Nf4 17. a5 Rac8 18. Ne4 Qc6 19. Ng3 Bg6 20. Qe1 h5 21. Bd1 h4 22. Ba4 Qc4 23. Qxe5 Bf6 24. Qe3 hxg3 25. Bxg3 Nd3 26. Bc2 Rfe8 27. Qb6 Re2 28. Bb3 Qc5 29. Qxb7 Rxb2 30. f4 Qxc3 31. Qxa6 Rxb3 32. f5 Bxf5 33. Rad1 Bg4 34. Ra1 Qxa1 35. Rxa1 Bxa1 36. h3 Rc1+ 37. Kh2 Rbb1 38. Qa8+ Bc8 39. Bd6 Bd4 40. Qe4 Bg1+ 41. Kg3 Bf2+ 42. Kf3 Bb7 43. a6 Bxe4+ 44. Kxe4 Nc5+ 45. Kd5 Nxa6 46. Ke4 Rb3 47. Be5 Rc5 48. g4 f6 49. Bd4 Bxd4 50. Kxd4 Kf7 51. h4 Ke6 52. h5 Rbc3 53. h6 gxh6 54. g5 hxg5 55. Ke4 Nb8 56. Kd4 Nc6+ 57. Ke4 f5# 0-1

[Event "Lima Santisimo Nombre de Jesus 3"]
[Site "Lima"]
[Date "2013.06.28"]
[Round "1"]
[White "Romero, Sebastian Peru"]
[Black "Angeles Mercado, Anthony R"]
[Result "0-1"]
[WhiteElo "1505"]
[BlackElo "1950"]
[PlyCount "114"]
[EventDate "2013.06.28"]
[EventType "swiss"]
[EventRounds "8"]
[EventCountry "PER"]
[SourceTitle "EXT 2024"]
[Source "ChessBase"]
[SourceDate "2023.10.10"]
[SourceVersion "1"]
[SourceVersionDate "2023.10.10"]
[SourceQuality "1"]

1. d4 Nf6 2. c4 g6 3. Nc3 Bg7 4. Nf3 0-0 5. e4 d6 6. Bg5 c5 7. d5 e6 8. Qd2 Re8 9. Rd1 exd5 10. cxd5 Nxe4 11. Bxd8 Nxd2+ 12. Kxd2 Rxd8 13. Bc4 Bg4 14. Rhe1 Nd7 15. h3 Bxf3 16. gxf3 Ne5 17. Be2 f5 18. f4 Bh6 19. Kc2 Bxf4 20. Nb5 Rd7 21. Rb1 a6 22. Nc3 b5 23. a3 Kf7 24. Na2 Rc8 25. Rbd1 Re7 26. Kb1 Rce8 27. Bf1 Nf3 28. Rxe7+ Rxe7 29. Bg2 Nd2+ 30. Ka1 Re2 31. Bf1 Rxf2 32. Bd3 Be5 33. Nc3 c4 34. Bc2 Nf3 35. Bb1 a5 36. Ba2 b4 37. axb4 axb4 38. Na4 c3 39. bxc3 bxc3 40. Rc1 c2+ 41. Nb2 Ne1 42. Bc4 Rf4 43. Rxe1 Rxc4 44. Ka2 c1Q 45. Rxc1 Rxc1 46. Nd3 Rc2+ 47. Kb1 Rd2 48. Nxe5+ dxe5 49. Kc1 Rg2 50. Kd1 f4 51. h4 f3 52. Ke1 e4 53. d6 e3 54. Kf1 Rd2 55. Ke1 Rxd6 56. h5 gxh5 57. Kf1 Rd1# 0-1

[Event "Lima Santisimo Nombre de Jesus 5"]
[Site "Lima"]
[Date "2012.10.15"]
[Round "2"]
[White "Guzman Miraval, Christian Andre"]
[Black "Angeles Mercado, Anthony R"]
[Result "0-1"]
[WhiteElo "1707"]
[BlackElo "1959"]
[PlyCount "88"]
[EventDate "2012.10.15"]
[EventType "swiss"]
[EventRounds "8"]
[EventCountry "PER"]
[SourceTitle "EXT 2024"]
[Source "ChessBase"]
[SourceDate "2023.10.10"]
[SourceVersion "1"]
[SourceVersionDate "2023.10.10"]
[SourceQuality "1"]

1. e4 c5 2. c4 Nc6 3. Nc3 g6 4. g3 Bg7 5. Bg2 d6 6. Nge2 e6 7. 0-0 Nge7 8. d3 0-0 9. h3 a6 10. Be3 Nd4 11. Rb1 Nec6 12. a3 Qa5 13. Qd2 Rb8 14. Kh2 b5 15. cxb5 axb5 16. b4 Qxa3 17. bxc5 b4 18. Na2 Nxe2 19. Qxe2 b3 20. Nc1 b2 21. cxd6 Qxd6 22. Na2 Qa3 23. e5 Ba6 24. Bxc6 Bxd3 25. Bc5 Bxe2 26. Bxa3 Bxf1 27. Be4 Bc4 28. Nc3 Rfd8 29. Bd6 Rxd6 30. exd6 Bxc3 31. Rd1 Ba2 32. d7 Bf6 33. Rd6 b1Q 34. Bxb1 Bxb1 35. Rc6 Rd8 36. Rd6 Be4 37. f4 Kf8 38. g4 h6 39. h4 Bxh4 40. g5 hxg5 41. Rd4 f5 42. Kh3 Ke7 43. fxg5 Bf2 44. Rd2 Rh8# 0-1

[Event "Lima Colegio de Ingenieros Consejo 4th"]
[Site "Lima"]
[Date "2012.08.25"]
[Round "7.5"]
[White "Angeles Mercado, Anthony R"]
[Black "Serrano Nagamine, David Antonio"]
[Result "0-1"]
[WhiteElo "1959"]
[BlackElo "2087"]
[PlyCount "66"]
[EventDate "2012.08.20"]
[EventType "swiss"]
[EventRounds "9"]
[EventCountry "PER"]
[SourceTitle "EXT 2024"]
[Source "ChessBase"]
[SourceDate "2023.10.10"]
[SourceVersion "1"]
[SourceVersionDate "2023.10.10"]
[SourceQuality "1"]

1. Nf3 c5 2. e4 g6 3. c3 Bg7 4. d4 Nf6 5. e5 Ne4 6. d5 0-0 7. Bd3 f5 8. Qc2 d6 9. e6 Nf6 10. c4 b5 11. 0-0 bxc4 12. Bxc4 Ba6 13. Ng5 Bxc4 14. Qxc4 Qb6 15. a3 Na6 16. Nc3 Nc7 17. f3 Rab8 18. Rd1 Qb3 19. Qd3 Nfxd5 20. Nxd5 Bd4+ 21. Ne3 f4 22. Qxb3 Rxb3 23. Rxd4 cxd4 24. Nc2 h6 25. Ne4 Nxe6 26. Nb4 Rc8 27. Nd5 Kf7 28. Rb1 g5 29. Nd2 Rd3 30. b4 Nc7 31. Nxc7 Rxc7 32. Kf1 Rxc1+ 33. Rxc1 Rxd2 0-1